000 01475nam a22002537a 4500
999 _c22370
_d22370
003 AR-CdUCM
005 20220504100516.0
008 150630s2014 pe a b 000 0 spa d
020 _a9786123170264
040 _aBiblioteca Municipal del Cusco Gustavo Pérez Ocampo
_bspa
_dBiblioteca Municipal del Cusco Gustavo Pérez Ocampo
082 _a070.44/P36
_bP36
_2Primera reimpresión de la primera edición
100 1 _aPedraglio, Santiago
_947947
245 1 0 _aConversaciones :
_bcon ojos del siglo veinte /
_cSantiago Pedraglio
260 _aLima :
_bPontificia Universidad Católica del Perú,
_c2020.
300 _a473 pages :
_billustrations ;
_c24 cm.
505 0 _aContenido: A modo de agradecimiento -- Prólogo / Alejandro Neyra -- Juan Miguel Bákula -- Armando Villanueva del Campo -- Alberto Benavides de la Quintana -- Francisco Morales Bermúdez -- Fernando de Szyszlo -- Celso Garrido Lecca -- Carlos Germán Belli -- Gustavo Gutiérrez -- Angélica Mendoza de Ascarza -- Desiderio Blanco -- Manuel Acosta Ojeda -- Oswaldo Reynoso -- Julio Cotler -- Saúl Peña Kolenkautsky -- Jaime Guardia -- Teresa Izquierdeo -- Ronald Woodman -- Hugo Blanco Galdós -- Edmundo Cruz -- Elva Alcandré -- Never Tuesta -- Línea de tiempo.
650 _aPeriodismo
_91929
650 _aIntelectuales
_93971
650 _aEntrevistas
_913760
650 _aPerú
_947948
710 _aPontificia Universidad Católica del Perú
_9400
942 _2ddc
_cLIBROS
945 _arac